Chain Matrix (Record no. 120510)

MARC details
000 -LEADER
fixed length control field 01239cam a2200205 4500
001 - CONTROL NUMBER
control field ##WS134806
008 - FIXED-LENGTH DATA ELEMENTS--GENERAL INFORMATION
fixed length control field 060904n 000 0 eng u
035 ## - SYSTEM CONTROL NUMBER
System control number (Sirsi) u134806
041 0# - LANGUAGE CODE
Language code of text/sound track or separate title eng
110 1# - MAIN ENTRY--CORPORATE NAME
Corporate name or jurisdiction name as entry element United Kingdom
Subordinate unit Land Registry
9 (RLIN) 4774
245 00 - TITLE STATEMENT
Title Chain Matrix
520 ## - SUMMARY, ETC.
Summary, etc. Provides details of Chain Matrix, formerly a key feature of Land Registry's e-conveyancing programme. It was an online service designed to make the sale of houses easier for buyers and sellers and their representatives. It allowed conveyancers to keep track of their property chains, pinpoint any problems and keep buyers and sellers fully informed of progress. Invites conveyancers to take part in the project free of charge. They must be based in and regularly convey land in the Bristol, Portsmouth and Fareham postcode areas. Chain Matrix was withdrawn from use on 29 September 2007.
590 ## - LOCAL NOTE (RLIN)
Local note IKA050906
650 24 - SUBJECT ADDED ENTRY--TOPICAL TERM
Topical term or geographic name entry element ECONVEYANCING
650 24 - SUBJECT ADDED ENTRY--TOPICAL TERM
Topical term or geographic name entry element LAND REGISTRY CHAIN MATRIX
651 #4 - SUBJECT ADDED ENTRY--GEOGRAPHIC NAME
Geographic name England and Wales
Chronological subdivision 1543-
690 ## - LOCAL SUBJECT ADDED ENTRY--TOPICAL TERM (OCLC, RLIN)
Topical term or geographic name as entry element PROPERTY-PROPERTY ACQUISITION AND DISPOSAL-CONVEYANCING-ECONVEYANCING
856 40 - ELECTRONIC LOCATION AND ACCESS
Uniform Resource Identifier <a href="https://www.landreg.gov.uk/e-conveyancing/chainmatrix/">https://www.landreg.gov.uk/e-conveyancing/chainmatrix/</a>
Public note View the website free of charge at www.landreg.gov.uk...
942 ## - ADDED ENTRY ELEMENTS (KOHA)
Suppress in OPAC 0
Holdings
Withdrawn status Lost status Source of classification or shelving scheme Damaged status Not for loan Home library Current library Shelving location Date acquired Total Checkouts Full call number Barcode Date last seen Copy number Price effective from Koha item type
    Dewey Decimal Classification     Virtual Virtual Online 04/09/2006   WEB SITE 134806-2001 06/08/2019 1 06/08/2019 Online material